000 01672pam a2200349 a 4500
999 _c675
_d675
001 1165004
003 GZU
005 20200910104822.0
008 961118s1996 enkb b 101 0 eng
010 _a 96049145
020 _a0852556608 (J. Currey : cloth)
020 _a0852556101 (J. Currey : pbk.)
020 _a0435074113 (Heinemann : cloth)
020 _a0435074121 (Heinemann : pbk.)
040 _aDLC
_cDLC
_dDLC
043 _af-rh---
050 0 0 _aDT2988
_b.S649 1996
082 0 0 _a968.91/04
_221
245 0 0 _aSociety in Zimbabwe's liberation war /
_cedited by Ngwabi Bhebe, Terence Rangar.
260 _aOxford, UK :
_bJ. Currey ;
_aPortsmouth, NH :
_bHeinemann,
_c1995.
300 _avi, 250 p. :
_bmaps ;
_c24 cm.
500 _a"International Conference on the Zimbabwe Liberation War held in Harare on July 8-12, 1991, at which most of the papers ... were presented"--Acknowledgements.
504 _aIncludes bibliographical references (p. 235-241) and index.
651 0 _aZimbabwe
_xHistory
_yChimurenga War, 1966-1980
_xCongresses.
700 1 _aBhebe, Ngwabi.
700 1 _aRanger, T. O.
711 2 _aInternational Conference on the Zimbabwe Liberation War
_d(1991 :
_cUniversity of Zimbabwe)
856 4 2 _3Book review (H-Net)
_uhttp://www.h-net.org/review/hrev-a0b0c1-aa
906 _a7
_bcbc
_corignew
_d1
_eocip
_f19
_gy-gencatlg
942 _2lcc
_cBK
_h960.4
_iBHE
_kDT